Statistics for Generator Puzzle #1

Click here to take the quiz!

General Stats

  • This quiz has been taken 34,267 times
  • The average score is 11 of 21

Answer Stats

Hint Answer % Correct
Mufasa was oneLion
90%
MittenGlove
81%
Grapes grow on itVine
81%
Young femaleGirl
80%
Pay no attention toIgnore
75%
Abdominal organLiver
69%
The V in ROYGBIVViolet
68%
Dickens' TwistOliver
66%
Like SatanEvil
64%
Rule as King or QueenReign
59%
Pavarotti, eg.Tenor
58%
Small group of treesGrove
53%
Opposite of OccidentOrient
43%
Fond; affectionateLoving
40%
A cache of treasureTrove
37%
Area (esp. of a country)Region
31%
Physically forcefulViolent
26%
Turn upside downInvert
24%
Hitchcock filmVertigo
23%
Small flash of lightGlint
21%
REVOLTING
15%

Score Distribution

Percentile by Number Answered

Percent of People with Each Score

Your Score History

You have not taken this quiz